Singapore's Expressways Quiz Stats

 Plays Quiz not verified by Sporcle

Score 0/9 Timer 01:00
0 Plays Today
% Correct
Pan Island Expressway
93.6%
Central Expressway
65.6%
Tampines Expressway
65.6%
East Coast Parkway
64.7%
Ayer Rajah Expressway
63.3%
Kranji Expressway
58.9%
Seletar Expressway
58%
Bukit Timah Expressway
51%
Kallang–Paya Lebar Expressway
40.2%

You're not logged in!

Compare scores with friends on all Sporcle quizzes.
OR
Log In

Show Comments

Extras

Created Feb 27, 2012SourceReportNominate
Tags:expressway, singapore

Top Quizzes Today


Score Distribution

Your Account Isn't Verified!

In order to create a playlist on Sporcle, you need to verify the email address you used during registration. Go to your Sporcle Settings to finish the process.

Report this User

Report this user for behavior that violates our Community Guidelines.

Details: